Nuclear export controls in Europe (Record no. 24105)

MARC details
000 -LEADER
fixed length control field 00730nam a2200229Ia 4500
008 - FIXED-LENGTH DATA ELEMENTS--GENERAL INFORMATION
fixed length control field 191130s1995##################000#0#eng##
020 ## - INTERNATIONAL STANDARD BOOK NUMBER
International Standard Book Number 9789052014135
022 ## - INTERNATIONAL STANDARD SERIAL NUMBER
International Standard Serial Number 96123722
040 ## - CATALOGING SOURCE
Original cataloging agency ACL
Transcribing agency ACL
082 ## - DEWEY DECIMAL CLASSIFICATION NUMBER
Classification number 327.174 MUL
245 ## - TITLE STATEMENT
Title Nuclear export controls in Europe
Statement of responsibility, etc. Harald Müller (ed.)
260 ## - PUBLICATION, DISTRIBUTION, ETC.
Place of publication, distribution, etc. Brussels
Name of publisher, distributor, etc. European Interuniversity Press
Date of publication, distribution, etc. [1995?]
300 ## - PHYSICAL DESCRIPTION
Extent 275 p. : ill. ; 25 cm
500 ## - GENERAL NOTE
General note Includes bibliographical references and index
650 ## - SUBJECT ADDED ENTRY--TOPICAL TERM
Topical term or geographic name entry element Export controls - Europe
Topical term or geographic name entry element Nuclear nonproliferation
700 ## - ADDED ENTRY--PERSONAL NAME
Personal name Müller, Harald
710 ## - ADDED ENTRY--CORPORATE NAME
Corporate name or jurisdiction name as entry element Hessische Stiftung Friedens- und Konfliktforschung
990 ## - EQUIVALENCES OR CROSS-REFERENCES [LOCAL, CANADA]
Link information for 9XX fields 063b224eac10000c33cb077d310fe0d1
991 ## -
-- 137570
Holdings
Withdrawn status Lost status Materials specified (bound volume or other part) Damaged status Not for loan Home library Current library Shelving location Date acquired Total Checkouts Full call number Barcode Date last seen Price effective from Koha item type
    pbk     Anna Centenary Library Anna Centenary Library 3RD FLOOR, B WING 09.10.2020   327.174 MUL 222822 09.10.2020 09.10.2020 English Books

Find us on the map